[Event "BAN-chT2"]
[Site "Dhaka"]
[Date "2022.07.23"]
[Round "6.2"]
[White "Mdsariful, Islam"]
[Black "Md, Asadujjaman"]
[Result "1-0"]
[WhiteElo "1879"]
[BlackElo "1728"]
[PlyCount "118"]
[EventDate "2022.07.18"]
[EventType "team-swiss"]
[EventRounds "9"]
[EventCountry "BAN"]
[SourceTitle "EXT 2023"]
[Source "ChessBase"]
[SourceDate "2022.10.05"]
[SourceVersion "1"]
[SourceVersionDate "2022.10.05"]
[SourceQuality "1"]
[WhiteTeam "Bangladesh Chess Arena"]
[BlackTeam "Bangladesh Police Prime"]
[WhiteTeamCountry "BAN"]
[BlackTeamCountry "BAN"]

1. e4 d6 2. d4 Nf6 3. Nc3 Nbd7 4. Nf3 e5 5. h3 c6 6. a4 a5 7. Bc4 Be7 8. Bg5 0-0 9. 0-0 b6 10. Bh4 Ba6 11. Bxa6 Rxa6 12. Qd3 Ra8 13. Bg3 Qc7 14. Qc4 Rac8 15. Rfd1 h6 16. Nh4 Nh5 17. Nf5 Rfe8 18. Bh2 Bf8 19. Nh4 Qd8 20. Nf3 Qf6 21. dxe5 Nxe5 22. Nxe5 dxe5 23. Rd3 Bc5 24. Rf3 Qg6 25. Rd1 Bd4 26. b3 Red8 27. Kf1 Nf6 28. Rfd3 b5 29. axb5 cxb5 30. Qxb5 Rc5 31. Qxc5 Bxc5 32. Rxd8+ Kh7 33. Rc8 Bd4 34. f3 Nh5 35. Ne2 Qb6 36. g4 Nf6 37. Nxd4 exd4 38. Rc4 h5 39. g5 Nxe4 40. fxe4 Qe6 41. Rd3 Qxe4 42. Rcxd4 Qc6 43. c4 Qc8 44. Bf4 Qb7 45. Kg1 Qb6 46. Be3 Qe6 47. Bf2 Qc6 48. Rc3 Qg6 49. h4 Qf5 50. c5 f6 51. gxf6 Qb1+ 52. Kg2 gxf6 53. c6 Qg6+ 54. Kh2 Qf5 55. Bg3 Qb1 56. Rd2 Qf5 57. c7 Qc8 58. Rd8 Qe6 59. Rc2 f5 1-0